Chinese Cities - Sudden Death - Statistics

General Stats
  • This quiz has been taken 63 times
  • The average score is 7 of 10
Answers on the Grid
Answers color-coded by a green-red scale on the quiz's grid according to % correct below.
Ürümqi
Gifu
Qingdao
Chengdu
Jeju
Amami
Kunming
Xiamen
Uzgen
Jinan
Karaganda
Dalian
Thimphu
Jaipur
Battambang
Lhasa
Baotou
Chang Mai
Lanzhou
Yangon
 
Answer Stats
Answer % Correct
Chengdu
90%
Qingdao
88%
Xiamen
88%
Lanzhou
84%
Ürümqi
72%
Jinan
69%
Lhasa
69%
Kunming
67%
Dalian
57%
Baotou
41%
No matching quizzes found
Score Distribution
Percent of People with Each Score
Percentile by Number Answered
Your Score History
You have not taken this quiz